000 00911nam a2200229 a 4500
001 000021703
005 20200930011422.0
008 100908s1981 dr a r 000 0 spa d
040 _aDO-SdBNP
_bspa
_cBNPHU
082 _a352.48
_bR426p, 1981
110 1 _aRepública Dominicana
_bSecretariado Técnico de la Presidencia
_bOficina Nacional de Presupuesto
_932266
245 1 0 _aManual de calisificaciones presupuestarias 1982/.
250 _a6a ed.
260 _aSanto Domingo :
_bDepartamento de Estudios Presupuestarios,
_c1981.
300 _a168 p. ;
_c22 cm.
590 _aInventariado, 2018/BT
650 4 _aPresupuesto
_xManual
_zRepública Dominicana
_945133
650 4 _aGastos públicos
_xManual
_zRepública Dominicana
_945134
650 4 _aHacienda pública
_zRepública Dominicana
_96562
650 4 _aPresupuesto
_xLegislación
_zRepública Dominicana
_y1982
_945135
910 _aControl de calidad. MFF
999 _c21202
_d21202